| 000 | 00755cam a2200265 4500 | ||
|---|---|---|---|
| 001 | M1445 | ||
| 008 | 090401t1993 xxu||||| |||| 00| 0 eng d | ||
| 035 | _a(Sirsi) u32054 | ||
| 041 | _aeng | ||
| 050 | _a711.552 | ||
| 090 | _aRICS 1993/73A | ||
| 100 | _aLewis, Clive | ||
| 245 | _aRetailing 2000: a speech by Clive Lewis at the Shopping Centre Conference on 08 October 1993. | ||
| 260 |
_aLondon _bRICS _c1993 |
||
| 300 | _a6 leaves ; 30cm. | ||
| 350 | _a0 | ||
| 520 | _aSpeech at DUSCO seminar. | ||
| 650 | _aRETAILING 2000 | ||
| 650 | _aSHOPPING CENTRES | ||
| 650 | _aSPEECHES | ||
| 690 | _aPROPERTY-COMMERCIAL PROPERTY-RETAIL PROPERTY | ||
| 710 |
_aRoyal Institution of Chartered Surveyors _94900 |
||
| 942 | _n0 | ||
| 948 | _c04/03/1997 | ||
| 999 |
_c89665 _d89665 |
||